01072 2200349 4500001002100000005001500021035002000036007000300056008004100059020002200100040002200122082001200144084001400156090001900170090002100189100003600210245012000246250003500366300005400401500002800455650001000483700002200493850001200515041001300527504003300540264003300573336002100606337003000627338002300657990002100680990002100701INLIS00000000084628020190423082926 a0010-0419001139ta190423r2019 yoia f 1 ind d a978-602-7696-80-8 aYOPDYOGbinderda04223a297 a297 FAQ q aDEP 297 FAQ q aCB-D.11 2019-1700 aFaqihuddin Abdul Kodirepenulis10aQiraah Mubadalah :bTafsir progresif untuk keadilan Gender dalam Islam /cFaqihuddin Abdul Kodir; editor, Rusdianto aCetakan pertama, Februari 2019 a616 halaman :bilustrasi, grafik, gambar ;c24 cm aIndeks: halaman 549-612 4aIslam0 aRusdiantoeeditor aYOPDYOG1 aindhara aBibliografi: halaman 537-54834aYogyakarta :bIRCiSoD,c2019 2rdacontentateks 2rdamediaatanpa perantara 2rdacarrieravolume aCB-D.11/2019-170 aCB-D.11/2019-170